Central Library || Chittagong University

Principles sedimentology and stratigraphy/ (Record no. 112511)

MARC details
000 -LEADER
fixed length control field 00569nam a22002057a 4500
003 - CONTROL NUMBER IDENTIFIER
control field BD-ChCU
005 - DATE AND TIME OF LATEST TRANSACTION
control field 20260429105657.0
008 - FIXED-LENGTH DATA ELEMENTS--GENERAL INFORMATION
fixed length control field 260429b uk ||||| |||| 00| 0 eng d
020 ## - INTERNATIONAL STANDARD BOOK NUMBER
International Standard Book Number 9781292021287
040 ## - CATALOGING SOURCE
Transcribing agency BD-ChCU
082 ## - DEWEY DECIMAL CLASSIFICATION NUMBER
Edition number 23
Classification number 551.3 B674p
100 ## - MAIN ENTRY--PERSONAL NAME
Personal name Boggs, Sam.
9 (RLIN) 22067
245 ## - TITLE STATEMENT
Title Principles sedimentology and stratigraphy/
Statement of responsibility, etc. Sam Boggs.
250 ## - EDITION STATEMENT
Edition statement 5ed.
260 ## - PUBLICATION, DISTRIBUTION, ETC.
Place of publication, distribution, etc. Cambridge :
Name of publisher, distributor, etc. Pear Education,
Date of publication, distribution, etc. 2014
300 ## - PHYSICAL DESCRIPTION
Extent 560 P. :
504 ## - BIBLIOGRAPHY, ETC. NOTE
Bibliography, etc. note Includes.
650 #0 - SUBJECT ADDED ENTRY--TOPICAL TERM
Topical term or geographic name entry element Sedimentology and deposition ; Stratigraphy.
9 (RLIN) 22068
942 ## - ADDED ENTRY ELEMENTS (KOHA)
Source of classification or shelving scheme Dewey Decimal Classification
Koha item type Books
Suppress in OPAC No
Holdings
Withdrawn status Lost status Source of classification or shelving scheme Damaged status Not for loan Home library Current library Shelving location Date acquired Source of acquisition Total Checkouts Full call number Barcode Date last seen Copy number Price effective from Koha item type
    Dewey Decimal Classification     Chittagong University Library Chittagong University Library Science Reading Room 04/29/2026 purchase   551.3 B674p 343429 04/29/2026 C-1 04/29/2026 Books
    Dewey Decimal Classification     Chittagong University Library Chittagong University Library Science Reading Room 04/29/2026 purchase   551.3 B674p 343430 04/29/2026 C-2 04/29/2026 Books
© Copyright 2025. Chittagong University Library, Installation and Maintenance by Prof. Dr. Md. Alamgir, 01711306253